000 00439nam a22001577a 4500
003 OSt
008 210914b ||||| |||| 00| 0 eng d
020 _a9789386546807
082 _a664.80068
_bSUD/ EN
100 _aSudheer, K.P
245 _aEntepreneurship and Skill Development in Horticultural Processing
260 _aNew Delhi
_bNew India Publishing Agency
_c2018
300 _a432 Pages
700 _aIndira ,V
_95028
942 _cBK
999 _c17423
_d17423